| 000 | 00847cab a2200265 4500 | ||
|---|---|---|---|
| 001 | WB3335-41 | ||
| 008 | 090401t1997 xxu||||| |||| 00| 0 eng d | ||
| 035 | _a(Sirsi) u80842 | ||
| 041 | _aeng | ||
| 245 | _aDecline in surveying courses | ||
| 260 | _c1997 | ||
| 350 | _a0 | ||
| 490 |
_aProperty Week _v60(12) 12 September 1997, 7(1) |
||
| 520 | _aUniversities are struggling to fill places on surveying courses, and as entry requirements fall, employers are complaining of a corresponding fall in the quality of graduates. | ||
| 650 | _aCENTRES OF EXCELLENCE | ||
| 650 | _aDECLINE | ||
| 650 | _aEDUCATION ISSUES | ||
| 650 | _aGRADUATES | ||
| 650 | _aNON-COGNATE GRADUATES | ||
| 650 | _aRICS | ||
| 650 | _aSURVEYING COURSES | ||
| 690 | _aMANAGEMENT-BUSINESS MANAGEMENT-PROFESSIONAL PRACTICE | ||
| 942 | _n0 | ||
| 948 | _c12/09/1997 | ||
| 999 |
_c50917 _d50917 |
||